000 00892nmm a2200277 a 4500
003 AR-BaBNM
005 20251128211656.0
008 245020s2001 ||||||||||||||000 | spa||
020 _a987-9355-06-7
040 _cAR-BaBNM
100 1 _aCroce, Alberto César
245 1 0 _aDesde la esquina
_baprendiendo junto a los adolescentes con menos oportunidades
260 _aBuenos Aires
_bEdiciones CICCUS
_c2001
_bFundación SES
300 0 _a153 p.
500 0 _aContiene listado de instituciones que desarrollan proyectos dirigidos a adolescentes
650 4 _aEDUCACION NO FORMAL
650 4 _aPARTICIPACION DE LA COMUNIDAD
650 4 _aEDUCACION COMUNITARIA
650 4 _aADOLESCENTES
650 4 _aPROGRAMAS DE EDUCACION COMPENSATORIA
650 4 _aINTEGRACION SOCIAL
653 _aEXPERIENCIAS EDUCATIVAS
653 _aEDUCACION POPULAR
942 _cBK
998 _craquel
999 _c20667
_d20667